000 00489nam a2200181Ia 4500
003 OSt
005 20260225095628.0
008 210210b1955 xxu||||| |||| 00| 0 eng d
040 _cAL
041 _aHindi
082 _a861/19
100 _aCHANDRAHASAN (E) Ed
_966943
_dचंद्रहासन (ए)
245 _aHindi padyavali
_bहिंदी पद्यावली
260 _aErnakulam
_b-
_c1955
690 _aHindi Poetry
_966944
906 _a023040
942 _2ddc
_cBK
999 _c147927
_d147927